01426nam a2200349Ia 4500001001200000003000800012006001900020007001500039008004100054010001700095020001500112040002100127035002000148050002500168082001900193245012400212260004200336300001500378490005200393504005900445533015200504650002800656650004700684651004600731651003600777655002900813700002200842710001600864710001700880830005300897856012600950ebr10114327CaPaEBRm u cr cn|||||||||051228s2006 dcu sb 001 0 eng d z 2005057764 z0821365118 aCaPaEBRcCaPaEBR a(OCoLC)6439444314aHC130.P6bP72 2006eb04a339.4/609822200aPoverty reduction and growthh[electronic resource] :bvirtuous and vicious circles /cGuillermo E. Perry ... [et al.]. aWashington, DC :bWorld Bank,cc2006. axv, 221 p.1 aWorld Bank Latin American and Caribbean studies aIncludes bibliographical references (p. ) and index. aElectronic reproduction.bPalo Alto, Calif. :cebrary,d2009.nAvailable via World Wide Web.nAccess may be limited to ebrary affiliated libraries. 0aPovertyzLatin America. 0aPovertyxGovernment policyzLatin America. 0aLatin AmericaxEconomic conditionsy1945- 0aLatin AmericaxEconomic policy. 7aElectronic books.2local1 aPerry, Guillermo.2 aWorld Bank.2 aebrary, Inc. 0aWorld Bank Latin American and Caribbean studies.40uhttp://site.ebrary.com/lib/rucke/Doc?id=10114327zAn electronic book accessible through the World Wide Web; click to view